LEADER 01170nam0 2200289 4500 001 000033331 005 20201001152131.0 010 $a978-88-14-21891-0 100 $a20201001d--------km-y0itay50------ba 101 0 $aita 102 $aIT 105 $aa-------001yy 200 1 $aCodice della navigazione$econ le principali leggi complementari e convenzioni internazionali$f[a cura di] Leopoldo Tullio 205 $a13. ed. aggiornata a gennaio 2017 210 $aMilano$cGiuffrè$d2017 215 $aXVIII, 956 p.$d19 cm 410 0$12001$a<>blu 500 10$aCodice della navigazione : con le principali leggi complementari e convenzioni internazionali$91757413 610 1 $aItalia$aCodice della navigazione 676 $a343.4509602632$v22$9Miscellanea di diritto pubblico. Trasporti per vie d'acqua. Italia. Leggi singole e raccolte. 702 1$aTullio,$bLeopoldo 710 02$aItalia$0423419 801 0$aIT$bUNIPARTHENOPE$c20201001$gRICA$2UNIMARC 912 $a000033331 951 $a343-C/54$bmanca$cNAVA1$d2020 996 $aCodice della navigazione : con le principali leggi complementari e convenzioni internazionali$91757413 997 $aUNIPARTHENOPE LEADER 03321nam 22006612 450 001 9910790049203321 005 20151005020622.0 010 $a1-139-06324-3 010 $a1-107-21717-2 010 $a1-283-11243-4 010 $a1-139-07552-7 010 $a9786613112439 010 $a1-139-08234-5 010 $a1-139-07778-3 010 $a1-139-08007-5 010 $a0-511-77916-X 010 $a1-139-06976-4 035 $a(CKB)2670000000083597 035 $a(EBL)691890 035 $a(OCoLC)723945741 035 $a(SSID)ssj0000520966 035 $a(PQKBManifestationID)11312585 035 $a(PQKBTitleCode)TC0000520966 035 $a(PQKBWorkID)10517401 035 $a(PQKB)10918249 035 $a(UkCbUP)CR9780511779169 035 $a(MiAaPQ)EBC691890 035 $a(Au-PeEL)EBL691890 035 $a(CaPaEBR)ebr10469128 035 $a(CaONFJC)MIL311243 035 $a(EXLCZ)992670000000083597 100 $a20100519d2011|||| uy| 0 101 0 $aeng 135 $aur||||||||||| 181 $ctxt$2rdacontent 182 $cc$2rdamedia 183 $acr$2rdacarrier 200 10$aAristophanes and the poetics of competition /$fZachary P. Biles$b[electronic resource] 210 1$aCambridge :$cCambridge University Press,$d2011. 215 $a1 online resource (xi, 290 pages) $cdigital, PDF file(s) 300 $aTitle from publisher's bibliographic system (viewed on 05 Oct 2015). 311 $a1-107-52594-2 311 $a0-521-76407-6 320 $aIncludes bibliographical references and indexes. 327 $aIntroduction: proagon -- 1. From Thamyris to Aristophanes: the competitive poetics of the comic parabasis -- 2. The competitive partnership of Aristophanes and Dikaiopolis in Acharnians -- 3. Aristophanes' poetic tropaion: competitive didaskalia and contest records in Knights -- 4. Intertextual biography in the rivalry of Cratinus and Aristophanes -- 5. Aristophanes' Clouds-palinode -- 6. Dionysos and dionysia in Frogs. 330 $aAthenian comic drama was written for performance at festivals honouring the god Dionysos. Through dramatic action and open discourse, poets sought to engage their rivals and impress the audience, all in an effort to obtain victory in the competitions. This book uses that competitive performance context as an interpretive framework within which to understand the thematic interests shaping the plots and poetic quality of Aristophanes' plays in particular, and of Old Comedy in general. Studying five individual plays from the Aristophanic corpus as well as fragments of other comic poets, it reveals the competitive poetics distinctive to each. It also traces thematic connections with other poetic traditions, especially epic, lyric, and tragedy, and thereby seeks to place competitive poetics within broader trends in Greek literature. 517 3 $aAristophanes & the Poetics of Competition 606 $aGreek drama (Comedy)$xHistory and criticism 615 0$aGreek drama (Comedy)$xHistory and criticism. 676 $a882/.01 686 $aLCO003000$2bisacsh 700 $aBiles$b Zachary P.$f1968-$01533643 801 0$bUkCbUP 801 1$bUkCbUP 906 $aBOOK 912 $a9910790049203321 996 $aAristophanes and the poetics of competition$93780734 997 $aUNINA